| 000 | 01067nam0a22002771 4500 | ||
|---|---|---|---|
| 001 | v19\rc\1475062 | ||
| 005 | 20250618151543.0 | ||
| 035 | _a(NLR Aleph) 004609614 | ||
| 090 |
_a2895474 _c2895474 |
||
| 100 | _a20060620e18791879|||y0rusy50 ca | ||
| 101 | 0 | _arus | |
| 102 | _aRU | ||
| 105 | _ay z ||||| | ||
| 200 | 1 |
_aПриглашение к содействию в собирании памятников народного творчества _fОт П.В. Шейна |
|
| 210 |
_a[Калуга] _cтип. Губ. правл. _d[1879] |
||
| 215 |
_a10 с. _d18 |
||
| 309 | _aБез тит. л. и обл. | ||
| 311 | _aИз "Калуж. губ. вед." за 1879 г., № 45 | ||
| 488 | 0 |
_12001#$aКалужские губернские ведомости$v1879, № 45 _tКалужские губернские ведомости |
|
| 700 | 1 |
_aШейн _bП.В. _f1826-1900 _gПавел Васильевич |
|
| 801 | 0 |
_aRU _bNLR _gpsbo |
|
| 801 | 0 |
_aRU _bRuMoRGB _2psbo |
|
| 801 | 1 |
_aRU _bProSoft-M _2rusmarc |
|
| 852 |
_aNLR _j111/763 |
||
| 942 | _cBOOK | ||
| 980 | _aNB | ||